Toutes les communes du canton de Fontenay-le-Comte (85) - Statistiques

Statistiques générales
  • Ce quiz a été pris 40 fois
  • Le résultat moyen est 11 sur 28
Réponses sur la Carte
Les réponses sont colorées sur une échelle allant du rouge au vert en fonction du pourcentage des utilisateurs qui les ont devinées à leur premier essai. Vous pouvez retrouver ces pourcentages ci-dessous.
 
Statistiques - réponses
Commune % Correct
Fontenay-le-Comte
90%
Vix
65%
Longèves
65%
Mervent
65%
Pissotte
60%
Benet
50%
Doix-les-Fontaines
50%
L'Orbrie
50%
Maillé
50%
Saint-Martin-de-Fraigneau
50%
Saint-Michel-le-Cloucq
50%
Auchay-sur-Vendée
40%
Maillezais
40%
Saint-Hilaire-des-Loges
40%
Xanton-Chassenon
40%
Faymoreau
30%
Foussais-Payré
30%
Le Langon
30%
Rives-d'Autise
30%
Saint-Pierre-le-Vieux
30%
Damvix
20%
Les Velluire-sur-Vendée
20%
Montreuil
15%
Puy-de-Serre
15%
Bouillé-Courdault
10%
Le Mazeau
10%
Liez
5%
Saint-Sigismond
5%
Aucun quiz correspondant
Distribution des résultats
% des personnes avec chaque résultat
Percentile par nombre de réponses
Votre historique - résultats
Vous n’avez pas pris ce quiz